Представление документа в формате RUSMARC

ПолеНазваниеЗначение
  Тип записи a
  Библиографический уровень m
001 Контрольный номер SKBR/8a166b44-c93d-4c09-9b38-45048d79458f
005 Дата корректировки 20231127112226.7
010 Индекс ISBN __
a ISBN 978-5-17-148877-2
9 Тираж 3000 экз.
d Цена 173-00
100 Данные общей обработки __
a Данные общей обработки 20221004d2022 c y0rusy028902 ca
101 Язык документа 0_
a Язык текста rus
102 Страна публикации __
a Страна публикации RU
105 Кодированные данные (монография) __
a Кодированные данные (монография) a z 010yb
181 Поле кодированных данных: вид содержания _0
a Код вида содержания (ISBD) i
182 Поле кодированных данных: тип средства _0
a Код типа средства (ISBD) n
200 Заглавие и сведения об ответственности 1_
a Заглавие Кто такой Петр I?
e Сведения, относящиеся к заглавию для младшего школьного возраста
f Первые сведения об ответственности А. И. Монвиж-Монтвид
g Последующие сведения об ответственности рисунки С. Зориной
203 Вид содержания и тип средства __
a Вид содержания Текст
c Тип средства непосредственный
210 Выходные данные 1_
a Место издания Москва
c Издательство Аванта
c Издательство АСТ
d Дата издания 2022
215 Физическое описание __
a Объем 46, [1] с.
c Иллюстрации/тип воспроизводства цв. ил., портр.
d Формат 21 см
225 Серия 1_
a Серия Моя первая книга обо всем на свете
300 Общие примечания __
a Общие примечания На титульной странице и обложке: 350 лет со дня рождения Петра I
330 Аннотация __
a Аннотация За время своего правления Пётр Великий изменил облик России больше, чем он менялся за несколько предыдущих столетий. Не было ни одной сферы жизни, которую не затронули бы его преобразования! Книга Александра Монвиж-Монтвида "Кто такой Пётр I?" расскажет о жизни и важнейших преобразованиях первого российского императора.
517 Другие варианты заглавия 1_
a Другие варианты заглавия 350-летие со дня рождение Петра I
517 Другие варианты заглавия 1_
a Другие варианты заглавия 350-летие со дня рождение Петра Первого
517 Другие варианты заглавия 1_
a Другие варианты заглавия Трехсотпятидесятилетие со дня рождение Петра I
517 Другие варианты заглавия 1_
a Другие варианты заглавия Трехсотпятидесятилетие со дня рождение Петра Первого
517 Другие варианты заглавия 1_
a Другие варианты заглавия Триста пятьдесят со дня рождение Петра I
517 Другие варианты заглавия 1_
a Другие варианты заглавия Кто такой Петр Первый?
600 Персоналии _0
d Римские цифры I
f Даты 1672-1725
g Полное имя Петр
2 Код системы nlr_sh
606 Тематические рубрики __
a Основная рубрика История
2 Код системы nlr_sh
606 Тематические рубрики __
a Основная рубрика Россия в XVIII в. - 1917 г.
2 Код системы nlr_sh
610 Ключевые слова 0_
a Ключевые слова история
610 Ключевые слова 0_
a Ключевые слова история России
610 Ключевые слова 0_
a Ключевые слова персоналии
610 Ключевые слова 0_
a Ключевые слова биографии
610 Ключевые слова 0_
a Ключевые слова императоры
610 Ключевые слова 0_
a Ключевые слова русские императоры
610 Ключевые слова 0_
a Ключевые слова российские императоры
610 Ключевые слова 0_
a Ключевые слова реформы
610 Ключевые слова 0_
a Ключевые слова реформаторы
610 Ключевые слова 0_
a Ключевые слова детская литература
610 Ключевые слова 0_
a Ключевые слова познавательная литература
686 Индексы других классификаций __
a Классификационный индекс мл63.3(2)
2 Код системы rubbks
700 Автор _1
a Фамилия Монвиж-Монтвид
b Имя А. И.
f Даты 1975-
g Полное личное имя Александр Игоревич
4 Код отношения 070
702 Вторичная интеллектуальная ответственность _1
a Фамилия Зорина
b Имя С. А.
g Полное личное имя Светлана А.
4 Код отношения 440
801 Источник записи _0
a Страна RU
b Организация NLR
c Дата составления 20221004
g Правила каталогизации PSBO
801 Источник записи _1
a Страна RU
b Организация NLR
c Дата составления 20221004
g Правила каталогизации PSBO
801 Источник записи _2
a Страна RU
b Организация NLR
c Дата составления 20221201
2 Код формата rusmarc
g Правила каталогизации PSBO
852 Данные о местонахождении __
i Авторский знак М 77
j Шифр хранения мл63.3(2)
900 Макрообъекты __
a Макрообъекты Кто такой Петр1. А. И. Монвиж-Монтвид, 2022
901 Тип документа __
a Ответственный КиК/Обаева
t Тип документа m
903 Характеристики (МАРС) __
a Дата передачи 20230123
c Наименование библиотеки (МАРС) Муниципальное бюджетное учреждение культуры "Централизованная библиотечная система" г. Сургут (Центральная городская библиотека им. А. С. Пушкина)
969 Тип издания __
a Тип издания брошюра
a Тип издания издание для детей
990 Данные о заказе (DOS) __
j Количество экземпляров (DOS) 1
t N записи в КСУ для И/У (DOS) 202302